000 00355 a2200169 4500
001 186615
020 _a85-356-1557-1
040 _cMagnum
100 _aJose, Elias
240 1 0 _aO rei do espetáculo
_lpor
245 1 0 _aO rei do espetáculo
300 _a24
362 0 _a2005
440 1 _aPaulinas
697 _aLITERATURA INFANTO
942 _cBK
999 _c186615
_d186615